THE BEST SHORT PLAYS : 1959-1960 /

INCLUYE BIBLIOGRAFIA

محفوظ في:
التفاصيل البيبلوغرافية
مؤلفون آخرون: Mayorga, Margaret (edición) (edición)
التنسيق: كتاب
الموضوعات:
الوسوم: إضافة وسم
لا توجد وسوم, كن أول من يضع وسما على هذه التسجيلة!

MARC

LEADER 00000nam^a2200000^a^4500
001 000232499
005 20250521000000.0
009 20260526132402.733
035 |a 055394 
037 |a Acervo Xavier Clavigero 
082 |a 812. 08  |b BES 
245 1 4 |a THE BEST SHORT PLAYS :  |b 1959-1960 /  |c ED. MARGARET MAYORGA 
264 |a Boston, EUA :  |b Beacon,  |c 1960 
300 |a 280p. 
336 |a texto  |b txt  |2 rdacontenido 
337 |a sin mediación  |b n  |2 rdamedio 
338 |a volumen  |b nc  |2 rdasoporte 
520 |a INCLUYE BIBLIOGRAFIA 
649 |a XX 
650 |a Teatro Norteamericano 
650 |a Literatura Norteamericana -  |y Siglo XX 
700 |a Mayorga, Margaret  |e (edición) 
910 |a Fondo General 
920 |a Impresos - Libros 
930 |a Colección General 
940 |a Literatura 
905 |a 101 
901 |a 055394  |b IT1  |c LIT  |i 055394  |u 20250521 
902 |a https://opac.biblio.iteso.mx/vufind/Record/000232499